| 000 | 00508nam a22001577a 4500 | ||
|---|---|---|---|
| 001 | 3923256 | ||
| 005 | 20161228052755.0 | ||
| 008 | 920609s1993 njua b 001 0 eng | ||
| 010 | _a 92022190 | ||
| 020 | _a0131913476 | ||
| 041 | _aeng | ||
| 080 | _a347.98 | ||
| 245 | 1 | 0 |
_aCriminal justice today : _cFrank Schmalleger. |
| 504 | _aIncludes bibliographical references and indexes. | ||
| 942 |
_2udc _cBK _hJuridik - Kriminalistikë |
||
| 999 |
_c2511 _d2511 |
||